000 00348nam a22001457a 4500
003 OSt
008 231019b |||||||| |||| 00| 0 eng d
020 _a9781543343700
082 _a615.32 AFE
100 _aAFSAR,ZEESHAN
245 _aESSENTIALS OF HERBAL DRUG TECHNOLOGY
260 _aJALENDER
_bS.VIKAS
_c2022
300 _a109
942 _2ddc
_cBK
999 _c12124
_d12124